| 000 | 00000nam##2200000za#4500 |
| 001 | 9.608042 |
| 003 | CaOODSP |
| 005 | 20210624213429 |
| 007 | cr ||||||||||| |
| 008 | 150406|2006||||xxc|||||o f|0| 0 fre|d |
| 040 | |aCaOODSP|bfre |
| 043 | |an-cn--- |
| 086 | 1 |aNH18-22/106-109F-PDF |
| 110 | 2 |aSociété canadienne d'hypothèques et de logement. |
| 245 | 10|aCatégorisation selon l'usage pour la conception et la construction des sous-sols de bâtiments résidentiels |h[ressource électronique] |
| 260 | |aOttawa - Ontario : |bSociété canadienne d'hypothèques et de logement |cc2006. |
| 300 | |a4p. |
| 490 | 1 |aLe point en recherche. Série technique |v06-109 |
| 500 | |aFichier reproduit à partir de l'original imprimé. |
| 590 | |a14-20-Supp|b2014-11-25 |
| 775 | 08|tOccupancy-based classification system for design and construction of residential basements |w(CaOODSP)9.581196 |
| 776 | 0#|tCatégorisation selon l'usage pour la conception et la construction des sous-sols de bâtiments résidentiels |w(CaOODSP)9.627339 |
| 830 | #0|aLe point en recherche. Série technique ;|v06-109|w(CaOODSP)9.501067 |
| 856 | 40|ahttp://publications.gc.ca|qPDF|s267 Ko|uhttps://publications.gc.ca/collections/collection_2014/schl-cmhc/NH18-22-106-109-fra.pdf|y06-109 |